MLB Franchise Profile: Atlanta Braves Quiz Stats

 Plays Quiz not verified by Sporcle

Support Sporcle.
Go Orange.
Score 0/44 Timer 08:00
0 Plays Today
Hint Answer % Correct
Most Gold Gloves WonGreg Maddux/Andruw Jones
92.7%
DivisionNL East
92.1%
Retired Number #10Chipper Jones
91.6%
Career Home Runs LeaderHank Aaron
90.4%
Career RBI LeaderHank Aaron
90.4%
Most All-Star SelectionsHank Aaron
90.4%
Career WAR LeaderHank Aaron
90.4%
Career Games Played LeaderHank Aaron
90.4%
Single-Season Home Runs LeaderAndruw Jones
90.4%
Career Hits LeaderHank Aaron
90.4%
Retired Number #44Hank Aaron
90.4%
Single-Season ERA LeaderGreg Maddux
89.9%
Retired Number #31Greg Maddux
89.9%
Most Cy Young WonGreg Maddux
89.9%
Career Strikeouts LeaderJohn Smoltz
87.1%
Single-Season Saves LeaderJohn Smoltz
87.1%
Retired Number #29John Smoltz
87.1%
Retired Number #47Tom Glavine
85.4%
Number of World Series Championships3
82.6%
Managerial Wins LeaderBobby Cox
82%
Retired Number #6Bobby Cox
82%
Career Wins LeaderWarren Spahn
77.5%
Hint Answer % Correct
Retired Number #21Warren Spahn
77.5%
Number of Division Titles17
76.4%
Retired Number #41Eddie Mathews
75.8%
Retired Number #42Jackie Robinson
74.7%
Retired Number #3Dale Murphy
74.2%
Most MVP's WonDale Murphy
74.2%
Retired Number #35Phil Niekro
65.2%
Current StadiumTurner Field
64%
AAA Minor League AffiliateGwinnett Braves
62.9%
Career Saves LeaderCraig Kimbrel
51.7%
Current ManagerFredi Gonzalez
50.6%
Year Established1871
43.8%
Current Team PresidentJohn Hart
22.5%
Original Team NameBoston Red Stockings
20.8%
MascotHomer the Brave
19.1%
Current OwnerLiberty Media
18%
Current General ManagerJohn Coppolella
10.1%
Single-Season RBI LeaderHugh Duffy
9%
Single-Season Hits LeaderHugh Duffy
9%
Career Stolen Base LeaderHerman Long
5.6%
Single-Season Stolen Base LeaderKing Kelly
4.5%
Single-Season Strikeouts LeaderCharlie Buffinton
3.9%

You're not logged in!

Compare scores with friends on all Sporcle quizzes.
OR
Log In

From the Vault

Famous Cartoon Eyes

by lt2009

Don't you get the feeling that this quiz is watching you?
Remove Ads.
Support Sporcle.
Get the best of Sporcle when you Go Orange. This ad-free experience offers more features, more stats, and more fun while also helping to support Sporcle. Thank you for becoming a member.

Show Comments

Extras

Top Quizzes Today


Score Distribution

Your Account Isn't Verified!

In order to create a playlist on Sporcle, you need to verify the email address you used during registration. Go to your Sporcle Settings to finish the process.

Report this User

Report this user for behavior that violates our Community Guidelines.

Details: